AP World History: Modern Premium: With 5 Practice Tests / (Record no. 50449)
| 000 -LEADER | |
|---|---|
| fixed length control field | 00367nam a2200109 4500 |
| 020 ## - INTERNATIONAL STANDARD BOOK NUMBER | |
| International Standard Book Number | 9781506253398 |
| 100 ## - MAIN ENTRY--PERSONAL NAME | |
| Personal name | McCannon, John, |
| Relator term | author. |
| 9 (RLIN) | 87382 |
| 245 ## - TITLE STATEMENT | |
| Title | AP World History: Modern Premium: With 5 Practice Tests / |
| Remainder of title | Barron's: The trusted name in test prep. |
| 260 ## - PUBLICATION, DISTRIBUTION, ETC. (IMPRINT) | |
| Name of publisher, distributor, etc | Barrons Educational Services. |
| Date of publication, distribution, etc | February 4, 2020. |
| 300 ## - PHYSICAL DESCRIPTION | |
| Extent | 472 pages. |
| 942 ## - ADDED ENTRY ELEMENTS (KOHA) | |
| Source of classification or shelving scheme | |
| Koha item type | Book |
| Withdrawn status | Lost status | Source of classification or shelving scheme | Damaged status | Not for loan | Home library | Current library | Date acquired | Total Checkouts | Full call number | Barcode | Date last seen | Price effective from | Koha item type |
|---|---|---|---|---|---|---|---|---|---|---|---|---|---|
| Logos International School | Logos International School | 04/28/2026 | C&C 909.82 MAC | 040964 | 04/29/2026 | 04/28/2026 | Book |